La leyenda de Sleepy Hollow / (Registro nro. 9067)

Detalles MARC
000 -LIDER
fixed length control field 00907nam a22002897a 4500
003 - IDENTIFICACDOR DE NÚMERO DE CONTROL
control field DO-SdBNP
005 - DATE AND TIME OF LATEST TRANSACTION
control field 20180130105630.0
008 - ELEMENTOS DE LONGITUD FIJA
fixed length control field 151209b 1989 sp spa 00| 0 spa d
020 ## - ISBN
International Standard Book Number 8487095216
040 ## - FUENTE DE CATALOGACIÓN
Agencia que crea de manera original el registro BPMSU
Idioma de catalogación spa
Agencia que realiza la transcripción BPMSU
092 ## - LOCALLY ASSIGNED DEWEY DECIMAL CALL NUMBER
Número de clasificación xxxxx
Número de ítem (Cutter) xxxxx
100 1# - ASIENTO PRINCIPAL -- NOMBRE PERSONAL
Nombre personal Irving, Washington,
Fechas asociadas con el nombre 1783-1859.
240 10 - TITULO UNIFORME
Título uniforme The legend of Sleepy Hollow.
Idioma de una obra Español.
245 ## - MENCIÓN DE TITULO
Título La leyenda de Sleepy Hollow /
Mención de responsabilidad Washington Irving ; ilustrador por Arthur Rackhmam ; traducción de Salustiano Masó.
260 ## - PUBLICACIÓN, DISTRIBUCIÓN, ETC. (PIE DE IMPRENTA)
Lugar de publicación, distribución, etc Madrid :
Nombre del editor, distribuidor, etc. Libertarias,
Fecha de publicación, distribución, etc 1989.
300 ## - DESCRIPCIÓN FÍSICA
Extensión 78 p. :
Otros detalles físicos il. ;
Dimensiones 25 cm.
490 1# - MENCIÓN DE SERIES
Mención de serie Biblioteca Siempreviva
490 1# - MENCIÓN DE SERIES
Mención de serie Lectura
Volume/sequential designation 3
700 12 - ASIENTO SECUNDARIO -- NOMBRE PERSONAL
Nombre personal Rackham, Arthur,
Mención de responsabilidad il.
700 12 - ASIENTO SECUNDARIO -- NOMBRE PERSONAL
Nombre personal Rackham, Arthur,
Mención de responsabilidad tr.
830 ## - ASIENTO SECUNDARIO DE SERIE--TÍTULO UNIFORME
Título uniforme Biblioteca Siempreviva
830 ## - ASIENTO SECUNDARIO DE SERIE--TÍTULO UNIFORME
Título uniforme Lectura
Número de la parte o sección de una obra 3
910 ## - VALIDACIÓN
Validación 00260
942 ## - ADDED ENTRY ELEMENTS (KOHA)
Source of classification or shelving scheme Dewey Decimal Classification
Koha item type Libros
945 ## - INFORMACIÓN DE PROCESAMIENTO LOCAL
Información de procesamiento local Inventariado, 2018/ YL
956 ## - LOCAL ELECTRONIC LOCATION AND ACCESS (OCLC)
Nombre de host Lorenza Pérez
Número de acceso 10
Información de compresión BPMSU
Existencias
Withdrawn status Lost status Source of classification or shelving scheme Damaged status Not for loan Collection code Home library Current library Date acquired Source of acquisition Total Checkouts Barcode Date last seen Price effective from Koha item type
    Dewey Decimal Classification       Biblioteca Pública Metropolitana Salomé Ureña Biblioteca Pública Metropolitana Salomé Ureña 12/09/2015 Donación   BPMSU15120101 12/09/2015 12/09/2015 Libros